L'évolution d'après-guerre des methodes militaires du néocolonialisme en mediterranee

Elmentve itt :
Bibliográfiai részletek
Szerző: Medvedko Léonid
Dokumentumtípus: Cikk
Megjelent: Université de Szeged Szeged 1987
Sorozat:Mediterrán tanulmányok 1
Kulcsszavak:Földközi-tengeri országok története, Hadtörténet
Tárgyszavak:
Online Access:http://acta.bibl.u-szeged.hu/7609
LEADER 00806nab a2200205 i 4500
001 acta7609
005 20251209143229.0
008 161015s1987 hu o 000 fre d
022 |a 0238-8308 
040 |a SZTE Egyetemi Kiadványok Repozitórium  |b hun 
041 |a fre 
100 1 |a Medvedko Léonid 
245 1 0 |a L'évolution d'après-guerre des methodes militaires du néocolonialisme en mediterranee  |h [elektronikus dokumentum] /  |c  Medvedko Léonid 
260 |a Université de Szeged  |b Szeged  |c 1987 
300 |a 153-166 
490 0 |a Mediterrán tanulmányok  |v 1 
650 4 |a Bölcsészettudományok 
650 4 |a Történettudomány és régészet 
695 |a Földközi-tengeri országok története, Hadtörténet 
856 4 0 |u http://acta.bibl.u-szeged.hu/7609/1/mediterran_001_153-166.pdf  |z Dokumentum-elérés